01420nam a2200325 a 450000500170000000800410001702000150005804100080007309200210008110000330010224501040013525001140023926000540035330000430040750001910045065300210064165300330066265300120069565300390070765300210074670000310076770000290079893000080082793000080083593000090084393000080085294200120086099900150087295202070088720240805094506.0100623e2003||||sp a f |||| 001 0 spa d a8479035323 aspa c611.022l69sPUT1 aPutz, Reinhard V.eEd.91178 aSobotta. Atlas de Anatomía Humana.bT.2 Tronco, Vísceras y Miembro Inferior /cReinhard V. Putz a21 a ed. 3a reimp. en español bTraducción Alfonso Llamas ; José Luís Velayos e Ignacio Navascués.  aMadrid: bEditorial Médica Panamericana;c2003. a401 p.b755 ilustraciones ; 40 cuadros aPutz, R., Pabst, R. (Eds.) y Putz, R. (Col.). (2003). Sobotta. Atlas de anatomía humana. T.2 Tronco, Vísceras y Miembro Inferior. (21a ed.). Madrid : Editorial Médica Panamericana. aDorso del tronco aPared torácica y abdominal aTórax aVísceras abdominales y pelvianas aMiembro inferior1 aPabst, ReinhardeEd.911791 aPutz, RenateeCol.94090 a579 a581 a1634 a580 2ddccBK c3190d3190 00102ddc4070aBFMbBFMcCRd2024-08-05eDonación Tilleria, Rubén. Agosto 2024.l1o611.022 69 PUTp4893r2024-09-05s2024-08-29tEj.6w2024-08-05yBKzDonación Tilleria, Rubén. Agosto 2024.f